| 000 | 00492cam a2200193ua 4500 | ||
|---|---|---|---|
| 020 | _c50.00 | ||
| 041 |
_aeng _h |
||
| 082 |
_a632.9 _bNAI/IN |
||
| 100 | _aNair, C.P.R . | ||
| 245 |
_aIntegrated pest management in palms / _cC.P.R Nair. _hTextual Documents |
||
| 260 |
_aKerala : _bCoconut Development Board , _c1997. |
||
| 300 | _a30 ; . | ||
| 365 | _a50.00 | ||
| 504 | _a | ||
| 700 | 1 | _aMariamma, Daniel . | |
| 700 | 1 | _aPonnamma, K.N . | |
| 942 | _cBK | ||
| 999 |
_c9091 _d9091 |
||